| 000 | 00000nam##2200000za#4500 |
| 001 | 9.657840 |
| 003 | CaOODSP |
| 005 | 20200401062914 |
| 007 | ta |
| 008 | 150407|1995||||xxc||||| f|0| 0 fre|d |
| 020 | |a0-662-61951-X |
| 040 | |aCaOODSP|bfre |
| 041 | |aeng |
| 041 | |afre |
| 043 | |an-cn--- |
| 086 | 1 |aSW21-15/1995 |
| 110 | 1 |aCanada. |bCondition féminine Canada. |
| 245 | 10|aÄ l'aube du XXIe siècle : |bplan fédéral pour l'égalité entre les sexes |
| 260 | |aOttawa - Ontario : |bCondition féminine Canada |c1995. |
| 300 | |aTexte français, 95p. : |bréférences ; |c28 cm. |
| 500 | |a«Le Canada, à l'instar des autres pays membres des Nations Unies, a été invité à formuler un plan national pour l'avancement de la condition féminine à la fois à l'intérieur de ses frontières et à l'échelle mondiale. Le Plan fédéral pour l'égalité entre les sexes constitue la réponse du Canada à cet appel et sa contribution à la réalisation des objectifs de la Plate-forme d'action mondiale qui doit être adoptée à la quatrième Conférence mondiale des Nations Unies sur les femmes qui se déroulera à Bejing, en Chine, en septembre 1995.»--Sommaire. Données de catalogage avant publication (Canada) imprimées dans cette publication. |
| 520 | 3 |aLe Canada, à l'instar des autres pays membres des Nations Unies, a été invité à formuler un plan national pour l'avancement de la condition féminine à la fois à l'intérieur de ses frontières et à l'échelle mondiale. Le Plan fédéral pour l'égalité entre les sexes constitue la réponse du Canada à cet appel et sa contribution à la réalisation des objectifs de la Plate-forme d'action mondiale qui doit être adoptée à la quatrième Conférence mondiale des Nations Unies sur les femmes qui se déroulera à Bejing, en Chine, en septembre 1995.--Sommaire |
| 546 | |aBilingue |
| 563 | |aCouverture souple |
| 590 | |a95-33|b1995-08-18 |
| 691 | 07|aÉgalité des chances|2gcpds |
| 691 | 07|aÉgalité des sexes|2gcpds |
| 691 | 07|aPolitique gouvernementale|2gcpds |
| 691 | 07|aÉquité en matière d'emploi|2gcpds |
| 776 | 0#|tÀ l'aube du XXIe siècle : |w(CaOODSP)9.632926 |
| 776 | 0#|tSetting the stage for the next century : |w(CaOODSP)9.688501 |
| 791 | |tSetting the stage for the next century : |eeng|w(CaOODSP)9.657839 |